000 00725nam a22002657a 4500
003 UA-OsUOA
001 21699
007 ta
008 20031212b un ||||| |||| 00| 0 ukr d
100 _aВожжов А.П.
700 _aБондар О.Л.
700 _aБородін С.В.
700 _aПопова Н.В.
090 _a336.71
_bВ63
942 _cSA
040 _aUA-OsUOA
_bukr
_cUA-OsUOA
_dUA-OsUOA
245 _aІнвестиційне кредитування комерційними банками
300 _aС.84-98
955 _a0
041 _aukr
080 _a336.71
044 _aUA
773 0 _w0
_tФінанси України
_dК.
_d2003
_g№12
650 7 _aІнвестиції
_2UDC
999 _c307906
_d307906